Promoción automática y enseñanza de la lectoescritura

שמור ב:
מידע ביבליוגרפי
Main Authors: Posada A., Rodolfo (Author), Paba B., Carmelina (Author)
פורמט: ספר
שפה:ספרדית
יצא לאור: Bogotá Magisterio 1992
סדרה:Colección Mesa Redonda
נושאים:
תגים: הוספת תג
אין תגיות, היה/י הראשונ/ה לתייג את הרשומה!

MARC

LEADER 00000nam a2200000 a 4500
001 UCT8378
003 CL-VaPUC
008 970326e19920000CK |||||||||||||||||spa|d
082 0 4 |a 372.41  |b POS  |2 21 
100 0 |a Posada A., Rodolfo  |e author  |9 380086 
700 0 |a Paba B., Carmelina  |e author  |9 380087 
245 1 0 |a Promoción automática y enseñanza de la lectoescritura 
300 |a 86 p 
942 |c BK 
945 |d 19970326 00:00:00  |a nastorga 
260 |a Bogotá  |b Magisterio  |c 1992 
650 0 |a Lectoescritura  |9 309175 
650 0 |a Enseñanza de la lectura  |9 308364 
650 0 |a Enseñanza de la escritura  |9 307377 
650 7 |a CLASES ESCOLARES  |2 CL-VaPUC  |9 307733 
650 0 |a Educación lingüística  |9 306506 
583 |a last modification  |c 20180417 04:48:30  |k Rodrigo Vera 
490 0 |a Colección Mesa Redonda 
999 |c 256883  |d 256881 
952 |0 0  |1 0  |4 0  |6 372_410000000000000_POS_1992  |7 0  |8 A  |9 279949  |a BIBEDU  |b BIBEDU  |c ES_NOD  |d 2019-11-19  |i 3295826  |o 372.41 POS 1992  |p 3295826  |r 2023-08-09  |w 2019-11-19  |y BK  |k EPE 
952 |0 0  |1 0  |4 0  |6 372_410000000000000_POS_1992  |7 0  |8 A  |9 279950  |a BIBEDU  |b BIBEDU  |c ES_NOD  |d 2019-11-19  |i 3295834  |o 372.41 POS 1992  |p 3295834  |r 2023-08-09  |w 2019-11-19  |y BK  |k EPE 
952 |0 0  |1 0  |4 0  |6 372_410000000000000_POS_1992  |7 0  |8 A  |9 279951  |a BIBEDU  |b BIBEDU  |c ES_NOD  |d 2019-11-19  |i 3298795  |o 372.41 POS 1992  |p 3298795  |r 2023-08-09  |w 2019-11-19  |y BK  |k EPE 
952 |0 0  |1 0  |4 0  |6 372_410000000000000_POS_1992  |7 0  |8 A  |9 279952  |a BIBEDU  |b BIBEDU  |c ES_NOD  |d 2019-11-19  |i 3298809  |o 372.41 POS 1992  |p 3298809  |r 2023-08-09  |w 2019-11-19  |y BK  |k EPE